Statistics for Countries With Most Roads

Click here to take the quiz!

General Stats

  • This quiz has been taken 392 times
  • The average score is 18 of 20

Answer Stats

HintAnswer% Correct
3,583,715 kmChina
99%
6,465,799 kmUnited States of America
99%
933,000 kmRussia
98%
398,366 kmUnited Kingdom
98%
1,027,183 kmFrance
97%
1,042,300 kmCanada
96%
644,480 kmGermany
96%
1,751,868 kmBrazil
95%
3,321,410 kmIndia
94%
681,224 kmSpain
94%
487,700 kmItaly
93%
1,203,777 kmJapan
93%
366,095 kmMexico
93%
812,972 kmAustralia
91%
423,997 kmPoland
82%
362,099 kmSouth Africa
76%
437,759 kmIndonesia
73%
426,951 kmTurkey
73%
425,300 kmSweden
71%
259,197 kmPakistan
66%

Score Distribution

Percentile by Number Answered

Percent of People with Each Score

Your Score History

You have not taken this quiz